Complete the Movie Title (2025) - Statistics

General Stats
  • This quiz has been taken 140 times
  • The average score is 19 of 25
Answer Stats
Hint Answer % Correct
How to Train Your _____ Dragon
97%
Sonic the _____ 3 Hedgehog
96%
Lilo & _____ Stitch
96%
Avatar: _____ and Ash Fire
94%
A _____ Movie Minecraft
88%
_____ Hurts Love
87%
One _____ After Another Battle
85%
The Long _____ Walk
85%
Downton Abbey: The Grand _____ Finale
84%
_____ 2 Zootopia
84%
The _____: Last Rites Conjuring
82%
The Naked _____ Gun
78%
Jurassic World: _____ Rebirth
78%
Gabby’s _____: The Movie Dollhouse
77%
F1: The _____ Movie
77%
Death of a _____ Unicorn
75%
Springsteen: Deliver Me from _____ Nowhere
73%
_____: Badlands Predator
72%
The King of _____ Kings
69%
Final Destination: _____ Bloodlines
66%
Black _____ 2 Phone
65%
Karate Kid: _____ Legends
61%
_____ Man - The Movie: Reze Arc Chainsaw
58%
_____ of Thieves: Pantera Den
58%
Demon Slayer: Kimetsu no Yaiba _____ Castle Infinity
53%
No matching quizzes found
Score Distribution
Percent of People with Each Score
Percentile by Number Answered
Your Score History
You have not taken this quiz